Language Quiz

Random Language or Letter Quiz

12 Ways Not to Go to 'Work' Quiz Stats

 Plays Quiz Updated Feb 11, 2019

Score 0/12 Timer 01:00
7 Plays Today
% Correct
Dork
91.1%
Cork
90.1%
Fork
88.7%
Wark
85.8%
Bork
83.6%
Word
81.9%
Pork
78.5%
Worm
74%
Worn
71.4%
Wort
70.7%
Wore
68.7%
Wonk
57.2%

You're not logged in!

Compare scores with friends on all Sporcle quizzes.
OR
Log In

You Might Also Like...

Show Comments

Extras

Top Quizzes Today


Score Distribution

Your Account Isn't Verified!

In order to create a playlist on Sporcle, you need to verify the email address you used during registration. Go to your Sporcle Settings to finish the process.

Report this User

Report this user for behavior that violates our Community Guidelines.

Details: